Most Guessed Countries - Oceania - Statistics

General Stats
  • This quiz has been taken 32 times
  • The average score is 5 of 5
Answer Stats
% guessed Country % Correct
99% Australia
100%
90% Fiji
100%
98% New Zealand
100%
90% Papua New Guinea
97%
82% Federated States of Micronesia
90%
No matching quizzes found
Score Distribution
Percent of People with Each Score
Percentile by Number Answered
Your Score History
You have not taken this quiz